000
00337nam a22001457a 4500
008
230831b ||||| |||| 00| 0 eng d
020
_a
9781319094027
041
_a
eng
080
_2
SEVENTH EDITION
_a
37
082
_a
37McW
100
_a
22
101
_a
EDU
245
_a
SUCCESSFUL COLLEGE WRITING
_c
MCWHORTER.T.K
942
_2
udc
_c
BK
999
_c
60221
_d
60221